000 00796cam a2200253 i 4500
999 _c43229
_d43229
001 4604054
005 20180911160646.0
008 761105s1976 enk b 000 0 eng
010 _a 76379132
015 _aGB76-20983
020 _a0340203242
245 0 4 _aThe New face of evangelicalism :
_ban international symposium on the Lausanne covenant /
_cedited by C. René Padilla.
260 _aLondon :
_bHodder and Stoughton,
_cc1976.
300 _a282 p. ;
_c18 cm.
336 _atext
337 _aunmediated
338 _avolume
504 _aIncludes bibliographical references.
611 2 0 _aInternational Congress on World Evangelization.
_tLausanne covenant.
650 0 _aEvangelistic work.
650 0 _aEvangelicalism.
700 2 _aRené Padilla, C.
942 _2lcc
_cBK